مكتبة جامعة عجلون الوطنية

فهرس بحث المكتبة

Normal view MARC view
  • جامعة الزرقاء الاهلية - مؤتمر؛ تحرير: احمد مفلح القضاة ، عدنان حسن عزايزة

Entry Personal Name

Number of records used in: 1

001 - CONTROL NUMBER

  • control field: 48486

003 - CONTROL NUMBER IDENTIFIER

  • control field: JO-AjAnu

005 - DATE AND TIME OF LATEST TRANSACTION

  • control field: 20230606082009.0

008 - FIXED-LENGTH DATA ELEMENTS

  • fixed length control field: 230606|| aca||aabn | a|a d

040 ## - CATALOGING SOURCE

  • Original cataloging agency: JO-AjAnu
  • Transcribing agency: JO-AjAnu

100 ## - HEADING--PERSONAL NAME

  • Personal name: جامعة الزرقاء الاهلية - مؤتمر؛ تحرير: احمد مفلح القضاة ، عدنان حسن عزايزة

670 ## - SOURCE DATA FOUND

  • Source citation: Work cat.: (JO-AjAnu)24805: جامعة الزرقاء الاهلية - مؤتمر؛ تحرير: احمد مفلح القضاة ، عدنان حسن عزايزة, author, مؤتمر كلية الشريعة الأول: المستجدات الفقهية استحالة النجاسات وأثرها في حل الأشياء وطهارتها 2-3 ربيع الثاني 1419هـ 25-26 تموز 1998